[Event "St Ingbert op"]
[Site "St Ingbert"]
[Date "1988.??.??"]
[Round "2"]
[White "Schmidt, Heike"]
[Black "Dengler, Norbert"]
[Result "0-1"]
[WhiteElo "1520"]
[BlackElo "1864"]
[PlyCount "62"]
[EventDate "1988.08.20"]
[EventType "swiss"]
[EventRounds "9"]
[EventCountry "GER"]
[SourceTitle "EXT 2002"]
[Source "ChessBase"]
[SourceDate "2001.11.25"]
[SourceVersion "1"]
[SourceVersionDate "2001.11.25"]
[SourceQuality "1"]

1. e4 c6 2. d4 d5 3. e5 Bf5 4. c4 dxc4 5. Bxc4 e6 6. Nc3 Ne7 7. Bg5 h6 8. Bxe7 Bxe7 9. Nge2 Nd7 10. 0-0 0-0 11. Ng3 Bg6 12. f4 Nb6 13. Bb3 c5 14. dxc5 Bxc5+ 15. Kh1 Qxd1 16. Raxd1 Rfd8 17. Nb5 a6 18. Nd6 Bxd6 19. Rxd6 Rxd6 20. exd6 Rd8 21. Rd1 Kf8 22. a4 Nc8 23. d7 Nb6 24. a5 Nxd7 25. Kg1 Ke7 26. Bc4 Nb8 27. Re1 Kf8 28. Re5 Rd1+ 29. Nf1 Nc6 30. Rc5 Rc1 31. b3 Bd3 0-1